000 00369nam a2200121Ia 4500
008 151213s9999 xx 000 0 und d
245 _aU. S. Competitiveness in the Global Market Place : Building Partnerships for America Resurgence Conference Proceedings.
260 _bBrooke Wilson
300 _a2935 p.
650 _aMarketing
650 _aMarketing
999 _c2022
_d2022